[Event "Vallfogona de Balaguer Farre Mem 1st"]
[Site "Vallfogona de Balaguer"]
[Date "2022.04.23"]
[Round "1"]
[White "Romeu Viladot, Emili"]
[Black "Rubies Roure, Antonio"]
[Result "1-0"]
[WhiteElo "1799"]
[BlackElo "1386"]
[PlyCount "89"]
[EventDate "2022.04.23"]
[EventType "swiss"]
[EventRounds "8"]
[EventCountry "ESP"]
[SourceTitle "EXT 2023"]
[Source "ChessBase"]
[SourceDate "2022.10.05"]
[SourceVersion "1"]
[SourceVersionDate "2022.10.05"]
[SourceQuality "1"]

1. d4 Nf6 2. c4 g6 3. Nc3 Bg7 4. e4 d6 5. Be2 0-0 6. Bg5 e5 7. dxe5 dxe5 8. Qxd8 Rxd8 9. Nd5 Rxd5 10. exd5 Nbd7 11. Be3 b6 12. 0-0-0 Ne4 13. Bd3 Nec5 14. Bc2 Ba6 15. b4 Bxc4 16. bxc5 bxc5 17. Bb3 Bb5 18. Nf3 a5 19. a4 Be2 20. Rd2 Bxf3 21. gxf3 Rb8 22. Kc2 Bf8 23. Bc4 Bd6 24. Rb1 Nb6 25. Bb5 Kg7 26. Rdd1 Rd8 27. Rbc1 Be7 28. Bd2 Ra8 29. Bc6 Ra7 30. Bc3 Bd6 31. f4 f6 32. fxe5 fxe5 33. f4 Nc4 34. Kd3 Nb6 35. Bxe5+ Bxe5 36. fxe5 c4+ 37. Kd4 Nc8 38. Rxc4 Ne7 39. d6 Nf5+ 40. Kc5 cxd6+ 41. exd6 Ne3 42. d7 Rxd7 43. Rxd7+ Kf8 44. Re4 Kg8 45. Re8# 1-0